Canada Quiz - Statistics

General Stats
  • This quiz has been taken 241 times
    177 since last reset
  • The average score is 27 of 47
Answer Stats
Question Answer % Correct
How many Territories 3
96%
How many Provinces 10
95%
Winter National Sport Ice Hockey
93%
National Capital Ottawa
93%
National Anthem O Canada
87%
Ontario Capital Toronto
87%
Quebec Capital Quebec City
80%
National Mascot Beaver
77%
Drinking Age 18 Years
75%
Voting Age 18 Years
74%
Alberta Capital Edmonton
73%
Queen Queen Elizabeth II
72%
Summer National Sport Lacrosse
71%
Age of Consent 16 Years
68%
Slang for Canadian Canuck
68%
Manitoba Capital Winnipeg
67%
Saskatchewan Capital Regina
66%
Nova Scotia Capital Halifax
65%
Prime Minister Justin Trudeau
64%
British Columbia Capital Victoria
64%
Toronto hockey team Toronto Maple Leafs
63%
Edmonton hockey team Edmonton Oilers
62%
Most popular Coffen chain Tim Hortons
61%
Vancouver hockey team Vancouver Canucks
60%
Northwest Territories Capital Yellowknife
60%
Montreal hockey team Montreal Canadiens
59%
Ottawa hockey team Ottawa Senators
59%
Calgary hockey team Calgary Flames
58%
1 Dollar Coin Loonie
58%
Yukon Capital Whitehorse
58%
2 Dollar Coin Toonie
55%
Winnipeg hockey team Winnipeg Jets
54%
Prince Edward Island Capital Charlottetown
51%
Nunavut Capital Iqaluit
46%
Life Expectancy 81.24 Years
42%
New Brunswick Capital Fredericton
41%
Largest Island Baffin Island
40%
Invention Sport (Not Hockey) Basketball
36%
Newfoundland And Labrodor Capital St. Johns
36%
Population 35.851 Million
30%
Invention used on coats Zipper
28%
Term Length 5 Years
24%
Highest Mountain Mount Logan
22%
National Capital's old name Bytown
16%
Governor General David Johnson
6%
2nd Type of Goverment Constitutional Monarchy
4%
Type of Government Parliamentary Democracy
3%
No matching quizzes found
Score Distribution
Percent of People with Each Score
Percentile by Number Answered
Your Score History
You have not taken this quiz since the last reset